000 01008pam a2200289 a 4500
001 2806091
003 OSt
005 20240624103851.0
008 820913r19831953flua b 001 0 eng
010 _a 82017967
020 _a0898745667
040 _aMUST LIBRARY
_cMUST
_dMUST
050 0 0 _aQA913
_b.S4972 1983
082 0 0 _a536
_219
_bSHA
100 1 _aShapiro, Ascher H.
_917638
245 1 4 _aThe dynamics and thermodynamics of compressible fluid flow /
_cby Ascher H. Shapiro.
250 _aReprint ed., with corrections.
260 _aMalabar, Fla. :
_bR.E. Krieger,
_c1983.
300 _axi, 647 P. ;
_bill. ;
_c24 cm.
500 _aReprint of v. 2 of the 2 volume work. Originally published: New York : Ronald Press Co., 1953. With new introd.
504 _aIncludes bibliographical references and index.
650 0 _aFluid dynamics.
_94940
650 0 _aThermodynamics.
740 0 _aCompressible fluid flow.
906 _a7
_bcbc
_corignew
_d1
_eocip
_f19
_gy-gencatlg
942 _2ddc
_cO_SHELF
999 _c8725
_d8725